América y el español: el caudillismo, una consecuencia de las democracias corruptas /
Salvato in:
| Autore principale: | |
|---|---|
| Natura: | testo |
| Soggetti: | |
| Tags: |
Aggiungi Tag
Nessun Tag, puoi essere il primo ad aggiungerne!!
|
MARC
| LEADER | 00000 a a2200000 04500 | ||
|---|---|---|---|
| 001 | 13240 | ||
| 003 | |||
| 040 | |||
| 100 | |a Plaza, Caridad | ||
| 245 | |a América y el español: |b el caudillismo, una consecuencia de las democracias corruptas / |c Caridad Plaza | ||
| 650 | |a NACIONALISMO | ||
| 650 | |a CORRUPCION | ||
| 650 | |a LITERATURA | ||
| 773 | |g número 3; páginas 83-91 | ||
| 999 | |c 38411 |d 38411 | ||
